[Event "RUS-ch Blitz Women 2018"]
[Site "Sochi"]
[Date "2018.10.07"]
[Round "14"]
[White "Guseva, Marina"]
[Black "Bodnaruk, Anastasia"]
[Result "1-0"]
[WhiteElo "2292"]
[BlackElo "2423"]
[Annotator "ChessBase"]
[PlyCount "165"]
[EventDate "2018.10.07"]
[EventType "swiss"]
[EventCountry "RUS"]
[SourceTitle "playchess.com"]
[Source "ChessBase"]
[SourceQuality "1"]
[TimeControl "180+2"]

1. d4 {[%emt 0:00:00]} Nf6 {[%emt 0:00:00]} 2. c4 {[%emt 0:00:00]} g6 {[%emt 0:00:00]} 3. Nf3 {[%emt 0:00:04]} Bg7 {[%emt 0:00:00]} 4. Nc3 {[%emt 0:00:02]} O-O {[%emt 0:00:01]} 5. Bf4 {[%emt 0:00:04]} d6 {[%emt 0:00:09]} 6. e3 {[%emt 0:00:01]} Nfd7 {[%emt 0:00:12]} 7. h3 {[%emt 0:00:04]} e5 {[%emt 0:00:01]} 8. dxe5 {[%emt 0:00:02]} dxe5 {[%emt 0:00:01]} 9. Bh2 {[%emt 0:00:02]} c6 {[%emt 0:00:16]} 10. Be2 {[%emt 0:00:02]} Qe7 {[%emt 0:00:01]} 11. O-O {[%emt 0:00:02]} Na6 {[%emt 0:00:07]} 12. a3 {[%emt 0:00:02]} Nac5 {[%emt 0:00:13]} 13. b4 {[%emt 0:00:04]} Ne6 {[%emt 0:00:01]} 14. Qc2 {[%emt 0:00:02]} f5 {[%emt 0:00:04]} 15. Rad1 {[%emt 0:00:06]} g5 {[%emt 0:00:21]} 16. c5 {[%emt 0:00:07]} Kh8 {[%emt 0:00:02]} 17. Rd6 {[%emt 0:00:05]} e4 {[%emt 0:00:09]} 18. Nd4 {[%emt 0:00:25]} Nxd4 {[%emt 0:00:30]} 19. exd4 {[%emt 0:00:01]} Nf6 {[%emt 0:00:00]} 20. d5 {[%emt 0:00:27]} f4 {[%emt 0:00:02]} 21. dxc6 {[%emt 0:00:05]} bxc6 {[%emt 0:00:01]} 22. Re1 {[%emt 0:00:05]} Bf5 {[%emt 0:00:11]} 23. Rxc6 {[%emt 0:00:18]} Rad8 {[%emt 0:00:09]} 24. Bc4 {[%emt 0:00:07]} Rd4 {[%emt 0:00:05]} 25. Nb5 {[%emt 0:00:07]} e3 {[%emt 0:00:35]} 26. Qxf5 {[%emt 0:00:04]} Rxc4 {[%emt 0:00:01]} 27. fxe3 {[%emt 0:00:08]} Re4 {[%emt 0:00:15]} 28. Rc7 {[%emt 0:00:08]} Qe6 {[%emt 0:00:19]} 29. Nd6 {[%emt 0:00:07]} Qxf5 {[%emt 0:00:05]} 30. Nxf5 {[%emt 0:00:02]} Nd5 {[%emt 0:00:01]} 31. Rxg7 {[%emt 0:00:04]} Rxf5 {[%emt 0:00:01]} 32. Rxa7 {[%emt 0:00:04]} Nxe3 {[%emt 0:00:03]} 33. c6 {[%emt 0:00:04]} Rc4 {[%emt 0:00:03]} 34. c7 {[%emt 0:00:01]} Rf8 {[%emt 0:00:00]} 35. Kh1 {[%emt 0:00:03]} Rc8 {[%emt 0:00:01]} 36. Bg1 R8xc7 37. Rxc7 {[%emt 0:00:02]} Rxc7 {[%emt 0:00:01]} 38. Bxe3 {[%emt 0:00:01]} fxe3 {[%emt 0:00:01]} 39. Rxe3 {[%emt 0:00:01]} Kg7 {[%emt 0:00:03]} 40. Kh2 {[%emt 0:00:03]} Kf6 {[%emt 0:00:01]} 41. g4 {[%emt 0:00:02]} Rc2+ {[%emt 0:00:02]} 42. Kg3 {[%emt 0:00:01]} Ra2 {[%emt 0:00:00]} 43. Rc3 {[%emt 0:00:01]} Rb2 {[%emt 0:00:03]} 44. h4 {[%emt 0:00:04]} h6 {[%emt 0:00:07]} 45. Rc6+ {[%emt 0:00:04]} Ke5 {[%emt 0:00:01]} 46. Rc3 {[%emt 0:00:03]} Kd4 {[%emt 0:00:06]} 47. Rf3 {[%emt 0:00:02]} Ke4 {[%emt 0:00:02]} 48. hxg5 hxg5 49. Rc3 {[%emt 0:00:08]} Kd4 {[%emt 0:00:01]} 50. Rf3 {[%emt 0:00:04]} Ke4 {[%emt 0:00:00]} 51. Rc3 {[%emt 0:00:14]} Kd4 {[%emt 0:00:01]} 52. Rc5 {[%emt 0:00:02]} Rb3+ {[%emt 0:00:01]} 53. Kg2 {[%emt 0:00:01]} Rxa3 {[%emt 0:00:06]} 54. Rxg5 {[%emt 0:00:01]} Rb3 {[%emt 0:00:06]} 55. b5 {[%emt 0:00:02]} Ke4 {[%emt 0:00:02]} 56. Rf5 {[%emt 0:00:01]} Rb1 {[%emt 0:00:03]} 57. Kg3 {[%emt 0:00:01]} Rg1+ {[%emt 0:00:01]} 58. Kh4 {[%emt 0:00:02]} Rb1 {[%emt 0:00:03]} 59. Kg5 {[%emt 0:00:02]} Rg1 {[%emt 0:00:02]} 60. Rc5 {[%emt 0:00:03]} Kd4 {[%emt 0:00:02]} 61. Rc6 {[%emt 0:00:02]} Rb1 {[%emt 0:00:01]} 62. b6 Kd5 63. Rf6 {[%emt 0:00:03]} Ke5 {[%emt 0:00:01]} 64. Rc6 {[%emt 0:00:02]} Kd5 {[%emt 0:00:00]} 65. Rh6 {[%emt 0:00:01]} Ke5 {[%emt 0:00:01]} 66. Rc6 {[%emt 0:00:05]} Kd5 {[%emt 0:00:00]} 67. Rh6 {[%emt 0:00:08]} Rb4 {[%emt 0:00:02]} 68. Kf5 {[%emt 0:00:03]} Rb1 {[%emt 0:00:02]} 69. g5 {[%emt 0:00:03]} Rf1+ {[%emt 0:00:02]} 70. Kg4 {[%emt 0:00:04]} Rg1+ {[%emt 0:00:03]} 71. Kh5 {[%emt 0:00:01]} Ke5 {[%emt 0:00:02]} 72. Rc6 {[%emt 0:00:03]} Rb1 {[%emt 0:00:05]} 73. Kh6 {[%emt 0:00:03]} Kf5 {[%emt 0:00:02]} 74. g6 {[%emt 0:00:02]} Rb2 {[%emt 0:00:03]} 75. Kh7 {[%emt 0:00:02]} Rh2+ {[%emt 0:00:01]} 76. Kg7 {[%emt 0:00:01]} Rb2 {[%emt 0:00:02]} 77. Kf7 {[%emt 0:00:01]} Rd2 {[%emt 0:00:03]} 78. g7 {[%emt 0:00:02]} Rd7+ {[%emt 0:00:01]} 79. Kf8 {[%emt 0:00:01]} Rd8+ {[%emt 0:00:01]} 80. Ke7 {[%emt 0:00:01]} Rb8 {[%emt 0:00:01]} 81. Kf7 {[%emt 0:00:04]} Rb7+ {[%emt 0:00:00]} 82. Kg8 {[%emt 0:00:01]} Kg5 {[%emt 0:00:04]} 83. Kh8 {[%emt 0:00:01]} 1-0

[Event "RUS-ch Blitz Women 2018"]
[Site "Sochi"]
[Date "2018.10.07"]
[Round "14"]
[White "Styazhkina, Anna"]
[Black "Maltsevskaya, Aleksandra"]
[Result "0-1"]
[WhiteElo "2268"]
[BlackElo "2290"]
[Annotator "NA"]
[PlyCount "102"]
[EventDate "2018.10.07"]
[EventType "swiss"]
[EventCountry "RUS"]
[SourceTitle "playchess.com"]
[Source "ChessBase"]
[SourceQuality "1"]
[TimeControl "180+2"]

1. e4 {[%emt 0:00:00]} c5 {[%emt 0:00:00]} 2. Nf3 {[%emt 0:00:01]} e6 {[%emt 0:00:01]} 3. c4 {[%emt 0:00:00]} Nc6 {[%emt 0:00:04]} 4. Nc3 {[%emt 0:00:02]} Nge7 {[%emt 0:00:04]} 5. d4 {[%emt 0:00:05]} cxd4 {[%emt 0:00:01]} 6. Nxd4 {[%emt 0:00:01]} Nxd4 {[%emt 0:00:00]} 7. Qxd4 {[%emt 0:00:02]} Nc6 {[%emt 0:00:01]} 8. Qd3 {[%emt 0:00:26]} Bc5 {[%emt 0:00:12]} 9. Be2 {[%emt 0:00:04]} O-O {[%emt 0:00:06]} 10. O-O {[%emt 0:00:02]} a6 {[%emt 0:00:01]} 11. Bf4 {[%emt 0:00:10]} e5 {[%emt 0:00:02]} 12. Be3 {[%emt 0:00:14]} Bxe3 {[%emt 0:00:05]} 13. fxe3 {[%emt 0:00:30]} d6 {[%emt 0:00:01]} 14. Rad1 {[%emt 0:00:08]} Qg5 {[%emt 0:00:04]} 15. Rf3 {[%emt 0:00:11]} Rd8 {[%emt 0:00:11]} 16. Rg3 {[%emt 0:00:12]} Qh6 {[%emt 0:00:01]} 17. Rf1 {[%emt 0:00:20]} Be6 {[%emt 0:00:01]} 18. b3 {[%emt 0:00:04]} Ne7 {[%emt 0:00:30]} 19. Bg4 {[%emt 0:00:07]} Bxg4 {[%emt 0:00:21]} 20. Rxg4 g6 21. Rg3 {[%emt 0:00:10]} Qg7 {[%emt 0:00:02]} 22. Rgf3 {[%emt 0:00:10]} f5 {[%emt 0:00:05]} 23. exf5 {[%emt 0:00:04]} Nxf5 {[%emt 0:00:01]} 24. Qd5+ {[%emt 0:00:07]} Kh8 {[%emt 0:00:01]} 25. e4 {[%emt 0:00:06]} Nd4 {[%emt 0:00:24]} 26. Rf7 {[%emt 0:00:05]} Qh6 {[%emt 0:00:01]} 27. Qxb7 {[%emt 0:00:09]} Rf8 {[%emt 0:00:04]} 28. Nd5 {[%emt 0:00:10]} Ne2+ {[%emt 0:00:12]} 29. Kf2 {[%emt 0:00:08]} Rxf7+ {[%emt 0:00:02]} 30. Qxf7 {[%emt 0:00:02]} Rf8 {[%emt 0:00:01]} 31. Kxe2 {[%emt 0:00:03]} Rxf7 {[%emt 0:00:01]} 32. Rxf7 {[%emt 0:00:02]} Kg8 {[%emt 0:00:09]} 33. Ra7 {[%emt 0:00:05]} Qxh2 {[%emt 0:00:03]} 34. Nf6+ {[%emt 0:00:02]} Kf8 {[%emt 0:00:00]} 35. Nxh7+ {[%emt 0:00:03]} Ke8 {[%emt 0:00:01]} 36. Nf6+ {[%emt 0:00:01]} Kd8 {[%emt 0:00:01]} 37. Rd7+ {[%emt 0:00:04]} Kc8 {[%emt 0:00:01]} 38. Rxd6 {[%emt 0:00:01]} Qxg2+ {[%emt 0:00:02]} 39. Ke3 {[%emt 0:00:03]} Qxa2 {[%emt 0:00:07]} 40. Nd5 {[%emt 0:00:02]} Qxb3+ {[%emt 0:00:02]} 41. Kf2 {[%emt 0:00:02]} Qc2+ {[%emt 0:00:03]} 42. Ke3 {[%emt 0:00:02]} g5 {[%emt 0:00:02]} 43. Rg6 {[%emt 0:00:02]} Qc1+ {[%emt 0:00:07]} 44. Kf3 {[%emt 0:00:03]} a5 {[%emt 0:00:04]} 45. Nb6+ {[%emt 0:00:02]} Kb7 {[%emt 0:00:02]} 46. Nd5 {[%emt 0:00:01]} a4 {[%emt 0:00:01]} 47. Rb6+ {[%emt 0:00:02]} Ka7 {[%emt 0:00:03]} 48. Rb4 {[%emt 0:00:01]} a3 {[%emt 0:00:03]} 49. Ra4+ {[%emt 0:00:02]} Kb7 {[%emt 0:00:01]} 50. Rb4+ {[%emt 0:00:01]} Kc6 {[%emt 0:00:01]} 51. Ra4 {[%emt 0:00:03]} Qd1+ {[%emt 0:00:04]} 0-1

[Event "RUS-ch Blitz Women 2018"]
[Site "Sochi"]
[Date "2018.10.07"]
[Round "14"]
[White "Nebolsina, Vera"]
[Black "Maletina, Tatiana"]
[Result "1/2-1/2"]
[WhiteElo "2220"]
[BlackElo "2270"]
[Annotator "ChessBase"]
[PlyCount "101"]
[EventDate "2018.10.07"]
[EventType "swiss"]
[EventCountry "RUS"]
[SourceTitle "playchess.com"]
[Source "ChessBase"]
[SourceQuality "1"]
[TimeControl "180+2"]

1. e4 {[%emt 0:00:00]} e6 {[%emt 0:00:00]} 2. d4 {[%emt 0:00:01]} d5 {[%emt 0:00:00]} 3. exd5 {[%emt 0:00:02]} exd5 {[%emt 0:00:00]} 4. Nf3 {[%emt 0:00:01]} Bd6 {[%emt 0:00:07]} 5. c4 {[%emt 0:00:14]} Nf6 {[%emt 0:00:15]} 6. Nc3 {[%emt 0:00:09]} O-O {[%emt 0:00:14]} 7. cxd5 {[%emt 0:00:49]} Re8+ {[%emt 0:00:02]} 8. Be2 {[%emt 0:00:01]} h6 {[%emt 0:00:16]} 9. O-O {[%emt 0:00:09]} Nbd7 {[%emt 0:00:01]} 10. Be3 {[%emt 0:00:24]} Nb6 {[%emt 0:00:02]} 11. Qb3 {[%emt 0:00:28]} Nfxd5 {[%emt 0:00:45]} 12. Nxd5 {[%emt 0:00:02]} Be6 {[%emt 0:00:01]} 13. Ne5 {[%emt 0:00:32]} Bxd5 {[%emt 0:00:04]} 14. Qc3 {[%emt 0:00:01]} c6 {[%emt 0:00:11]} 15. Bf3 {[%emt 0:00:05]} Bxe5 {[%emt 0:00:01]} 16. dxe5 {[%emt 0:00:03]} Bxf3 {[%emt 0:00:02]} 17. gxf3 {[%emt 0:00:02]} Nd5 {[%emt 0:00:01]} 18. Qd4 {[%emt 0:00:02]} Qe7 {[%emt 0:00:06]} 19. f4 {[%emt 0:00:02]} Qh4 {[%emt 0:00:01]} 20. Qe4 {[%emt 0:00:05]} Re6 {[%emt 0:00:07]} 21. Kh1 {[%emt 0:00:01]} Rae8 {[%emt 0:00:10]} 22. Rg1 {[%emt 0:00:01]} Qh5 {[%emt 0:00:23]} 23. Rg3 {[%emt 0:00:05]} g6 {[%emt 0:00:29]} 24. Rag1 {[%emt 0:00:03]} Ne7 {[%emt 0:00:01]} 25. Qg2 {[%emt 0:00:10]} Nf5 {[%emt 0:00:05]} 26. Rh3 {[%emt 0:00:01]} Qe2 {[%emt 0:00:01]} 27. Bxa7 {[%emt 0:00:06]} Kh7 {[%emt 0:00:07]} 28. Rb3 {[%emt 0:00:03]} b5 {[%emt 0:00:02]} 29. Qf3 {[%emt 0:00:06]} Qc2 {[%emt 0:00:07]} 30. Rc3 {[%emt 0:00:03]} Qxb2 {[%emt 0:00:03]} 31. Rxc6 {[%emt 0:00:01]} Qxa2 {[%emt 0:00:05]} 32. Rc7 {[%emt 0:00:02]} R6e7 {[%emt 0:00:04]} 33. Rxe7 {[%emt 0:00:04]} Rxe7 {[%emt 0:00:01]} 34. Bc5 {[%emt 0:00:01]} Rd7 {[%emt 0:00:03]} 35. Qc6 {[%emt 0:00:04]} Qd5+ {[%emt 0:00:04]} 36. Qxd5 {[%emt 0:00:02]} Rxd5 {[%emt 0:00:01]} 37. Be3 {[%emt 0:00:02]} b4 {[%emt 0:00:06]} 38. Rb1 {[%emt 0:00:01]} Rb5 {[%emt 0:00:00]} 39. Rb3 {[%emt 0:00:01]} Ne7 {[%emt 0:00:04]} 40. Kg2 {[%emt 0:00:03]} Kg7 {[%emt 0:00:03]} 41. Kf3 {[%emt 0:00:01]} f5 {[%emt 0:00:01]} 42. Ke2 {[%emt 0:00:05]} Kf7 {[%emt 0:00:02]} 43. Kd3 {[%emt 0:00:01]} Nc6 {[%emt 0:00:03]} 44. Bd2 {[%emt 0:00:03]} Rd5+ {[%emt 0:00:02]} 45. Ke3 {[%emt 0:00:02]} Ke6 {[%emt 0:00:04]} 46. Rd3 {[%emt 0:00:04]} Ne7 {[%emt 0:00:02]} 47. Bxb4 {[%emt 0:00:01]} Rxd3+ {[%emt 0:00:02]} 48. Kxd3 {[%emt 0:00:01]} Nd5 {[%emt 0:00:00]} 49. Bd2 {[%emt 0:00:01]} Nc7 {[%emt 0:00:02]} 50. Kd4 {[%emt 0:00:02]} Nd5 {[%emt 0:00:01]} 51. Be3 {[%emt 0:00:02] Kxe5+ Ke4+} 1/2-1/2

[Event "RUS-ch Blitz Women 2018"]
[Site "Sochi"]
[Date "2018.10.07"]
[Round "14"]
[White "Vinokur, Yuliya"]
[Black "Belenkaya, Dina"]
[Result "1-0"]
[WhiteElo "2170"]
[BlackElo "2329"]
[Annotator "NA"]
[PlyCount "67"]
[EventDate "2018.10.07"]
[EventType "swiss"]
[EventCountry "RUS"]
[SourceTitle "playchess.com"]
[Source "ChessBase"]
[SourceQuality "1"]
[TimeControl "180+2"]

1. d4 {[%emt 0:00:00]} d5 {[%emt 0:00:00]} 2. c4 {[%emt 0:00:01]} dxc4 {[%emt 0:00:00]} 3. e3 {[%emt 0:00:01]} Nf6 {[%emt 0:00:00]} 4. Bxc4 {[%emt 0:00:02]} e6 {[%emt 0:00:01]} 5. Nf3 {[%emt 0:00:05]} a6 {[%emt 0:00:01]} 6. Bd3 {[%emt 0:00:09]} c5 {[%emt 0:00:04]} 7. O-O {[%emt 0:00:03]} Nbd7 {[%emt 0:00:02]} 8. Re1 {[%emt 0:00:33]} b6 {[%emt 0:00:02]} 9. e4 {[%emt 0:00:05]} cxd4 {[%emt 0:00:08]} 10. e5 {[%emt 0:00:18]} Nd5 {[%emt 0:00:20]} 11. Nxd4 {[%emt 0:00:10]} Bb7 {[%emt 0:00:01]} 12. Nxe6 {[%emt 0:00:26]} fxe6 {[%emt 0:00:48]} 13. Qh5+ {[%emt 0:00:02]} Ke7 {[%emt 0:00:23]} 14. Bg5+ {[%emt 0:00:03]} N7f6 {[%emt 0:00:08]} 15. Nc3 {[%emt 0:00:32]} Nxc3 {[%emt 0:00:21]} 16. exf6+ {[%emt 0:00:02]} gxf6 {[%emt 0:00:02]} 17. Bxf6+ {[%emt 0:00:23]} Kxf6 {[%emt 0:00:01]} 18. Qe5+ {[%emt 0:00:01]} Kf7 {[%emt 0:00:09]} 19. Qxe6+ {[%emt 0:00:22]} Kg7 {[%emt 0:00:00]} 20. Qg4+ {[%emt 0:00:01]} Kf7 {[%emt 0:00:07]} 21. Bc4+ {[%emt 0:00:05]} Nd5 {[%emt 0:00:05]} 22. Rad1 {[%emt 0:00:03]} Bc5 {[%emt 0:00:22]} 23. Qe6+ {[%emt 0:00:03]} Kg7 {[%emt 0:00:03]} 24. Bxd5 {[%emt 0:00:07]} Bxd5 {[%emt 0:00:07]} 25. Rxd5 {[%emt 0:00:02]} Qf6 {[%emt 0:00:05]} 26. Rd7+ {[%emt 0:00:01]} Kg6 {[%emt 0:00:01]} 27. Qg4+ {[%emt 0:00:01]} Kh6 {[%emt 0:00:02]} 28. Re6 {[%emt 0:00:04]} Bxf2+ {[%emt 0:00:05]} 29. Kh1 {[%emt 0:00:04]} Rhf8 {[%emt 0:00:21]} 30. Qg7+ {[%emt 0:00:03]} Kh5 {[%emt 0:00:01]} 31. Rxf6 {[%emt 0:00:02]} Rae8 {[%emt 0:00:05]} 32. Qxh7+ {[%emt 0:00:04]} Kg5 {[%emt 0:00:01]} 33. Qf5+ {[%emt 0:00:02]} Kh4 {[%emt 0:00:01]} 34. Rh7# {[%emt 0:00:01]} 1-0

[Event "RUS-ch Blitz Women 2018"]
[Site "Sochi"]
[Date "2018.10.07"]
[Round "14"]
[White "Goltseva, Ekaterina"]
[Black "Kovanova, Baira"]
[Result "1-0"]
[WhiteElo "2169"]
[BlackElo "2350"]
[Annotator "NA"]
[PlyCount "69"]
[EventDate "2018.10.07"]
[EventType "swiss"]
[EventCountry "RUS"]
[SourceTitle "playchess.com"]
[Source "ChessBase"]
[SourceQuality "1"]
[TimeControl "180+2"]

1. d4 {[%emt 0:00:00]} Nf6 {[%emt 0:00:00]} 2. c4 {[%emt 0:00:00]} e6 {[%emt 0:00:00]} 3. Nc3 {[%emt 0:00:01]} Bb4 {[%emt 0:00:01]} 4. e3 {[%emt 0:00:01]} O-O {[%emt 0:00:02]} 5. Bd3 {[%emt 0:00:01]} c5 {[%emt 0:00:01]} 6. Nf3 {[%emt 0:00:01]} d5 {[%emt 0:00:03]} 7. O-O {[%emt 0:00:02]} b6 {[%emt 0:00:01]} 8. a3 {[%emt 0:00:22]} Bxc3 {[%emt 0:00:02]} 9. bxc3 {[%emt 0:00:01]} Ba6 {[%emt 0:00:01]} 10. Qe2 {[%emt 0:00:28]} Nc6 {[%emt 0:00:05]} 11. cxd5 {[%emt 0:00:47]} Bxd3 {[%emt 0:00:02]} 12. Qxd3 {[%emt 0:00:01]} exd5 {[%emt 0:00:06]} 13. dxc5 {[%emt 0:00:09]} bxc5 {[%emt 0:00:01]} 14. c4 {[%emt 0:00:01]} Na5 {[%emt 0:00:40]} 15. cxd5 {[%emt 0:00:16]} c4 {[%emt 0:00:10]} 16. Qe2 {[%emt 0:00:15]} Nxd5 {[%emt 0:00:20]} 17. Nd4 {[%emt 0:00:08]} Nf4 {[%emt 0:00:13]} 18. Qg4 {[%emt 0:00:32]} Nd3 {[%emt 0:00:13]} 19. Bd2 {[%emt 0:00:06]} Ne5 {[%emt 0:01:03]} 20. Qg3 {[%emt 0:00:08]} Ng6 {[%emt 0:00:21]} 21. Bc3 {[%emt 0:00:03]} Rc8 {[%emt 0:00:04]} 22. Nf5 {[%emt 0:00:05]} f6 {[%emt 0:00:05]} 23. Rfd1 {[%emt 0:00:01]} Qb6 {[%emt 0:00:04]} 24. Rab1 {[%emt 0:00:07]} Nb3 {[%emt 0:00:01]} 25. Rd6 {[%emt 0:00:05]} Qc5 {[%emt 0:00:01]} 26. Qh3 {[%emt 0:00:07]} Rcd8 {[%emt 0:00:01]} 27. Rbd1 {[%emt 0:00:02]} Rxd6 {[%emt 0:00:03]} 28. Rxd6 {[%emt 0:00:01]} Qxa3 {[%emt 0:00:02]} 29. g3 {[%emt 0:00:04]} Qc1+ {[%emt 0:00:02]} 30. Kg2 {[%emt 0:00:01]} Qxc3 {[%emt 0:00:01]} 31. Rd7 {[%emt 0:00:01]} Rf7 {[%emt 0:00:05]} 32. Rd8+ {[%emt 0:00:02]} Nf8 {[%emt 0:00:01]} 33. Qg4 {[%emt 0:00:03]} Kh8 {[%emt 0:00:05]} 34. Nd6 {[%emt 0:00:01]} Kg8 {[%emt 0:00:03]} 35. Qe6 {[%emt 0:00:03]} 1-0

[Event "RUS-ch Blitz Women 2018"]
[Site "Sochi"]
[Date "2018.10.07"]
[Round "14"]
[White "Vasilevich, Irina"]
[Black "Kashlinskaya, Alina"]
[Result "1/2-1/2"]
[WhiteElo "2160"]
[BlackElo "2447"]
[Annotator "TA"]
[PlyCount "86"]
[EventDate "2018.10.07"]
[EventType "swiss"]
[EventCountry "RUS"]
[SourceTitle "playchess.com"]
[Source "ChessBase"]
[SourceQuality "1"]

{[%evp 12,86,-28,-30,-23,-40,-42,-60,-36,-45,30,23,54,21,47,34,34,16,16,16,47,17,68,51,51,51,67,51,51,51,51,51,51,51,51,34,34,34,34,34,34,34,34,34,34,34,34,34,34,34,34,34,34,34,34,0,34,0,34,34,34,34,34,34,34,34,34,34,34,34,34,34,34,34,34,0,34]} 1. c4 Nf6 2. Nc3 e5 3. g3 Bb4 4. Nd5 Nxd5 5. cxd5 O-O 6. Bg2 d6 {A22: Englische Eröffnung} 7. a3 {LiveBook: 3 Partien} Bc5 8. b4 (8. e3 Bf5 9. Ne2 Nd7 10. O-O Bb6 11. d4 Qe7 12. e4 Bg4 13. f3 Bh5 14. Be3 {½-½ (84) Harika,D (2514)-Potkin,V (2597) Almaty 2016}) 8... Bb6 {Schwarz steht etwas besser.} 9. e3 f5 10. Ne2 g5 $146 ({Lieber} 10... f4 $15 11. gxf4 Bg4) ({Vorgänger:} 10... Nd7 11. f4 Nf6 12. O-O {0-1 (41) Schwaninger,U (1776)-Hennings,M (1890) Gallspach 1997}) 11. h4 $11 g4 12. Qc2 Nd7 13. Bb2 Nf6 14. d4 e4 15. Nf4 Qe7 16. Bf1 Bd7 (16... a5 $11) 17. a4 {[#] Und a5 würde nun gewinnen.} a5 18. b5 Be8 19. Bc4 Bf7 20. Qb3 Rfd8 21. Rc1 Kh8 22. O-O Nh5 23. Nxh5 (23. Ne6 {with more complications.} Re8 24. Rc2 Kg8 25. Rfc1 Ng7 26. Qc3) 23... Bxh5 24. Rc2 Rg8 25. Rfc1 Rg7 26. Be2 Bf7 27. Ba3 Bg8 28. Bc4 Re8 29. Bb2 Qf6 30. Re1 Rg6 31. Kf1 Rh6 32. Ke2 Rg6 33. Kf1 (33. Bc3 {keeps more tension.} Rg7 34. Kf1 Bf7 35. Qb2 Ra8 36. Bb3) 33... Rg7 34. Kg1 Qe7 35. Bc3 Qf6 36. Rcc1 Qf8 37. Qb2 Bf7 38. Qd2 Ra8 $1 39. Qa2 Qg8 40. Bd2 Qf8 41. Rc2 Qg8 42. Rec1 Qd8 43. Re1 Qg8 {Precision: Weiß = 54%, Schwarz = 60%.} 1/2-1/2

[Event "RUS-ch Blitz Women 2018"]
[Site "Sochi"]
[Date "2018.10.07"]
[Round "14"]
[White "Shafigullina, Zarina"]
[Black "Bivol, Alina"]
[Result "0-1"]
[WhiteElo "2150"]
[BlackElo "2403"]
[Annotator "ChessBase"]
[PlyCount "54"]
[EventDate "2018.10.07"]
[EventType "swiss"]
[EventCountry "RUS"]
[SourceTitle "playchess.com"]
[Source "ChessBase"]
[SourceQuality "1"]
[TimeControl "180+2"]

1. d4 {[%emt 0:00:00]} Nf6 {[%emt 0:00:00]} 2. Nf3 {[%emt 0:00:00]} g6 {[%emt 0:00:00]} 3. g3 {[%emt 0:00:00]} Bg7 {[%emt 0:00:00]} 4. Bg2 {[%emt 0:00:00]} O-O {[%emt 0:00:01]} 5. O-O {[%emt 0:00:02]} d6 6. c4 Nc6 {[%emt 0:00:02]} 7. Nc3 {[%emt 0:00:02]} Rb8 {[%emt 0:00:00]} 8. h3 {[%emt 0:00:02]} a6 {[%emt 0:00:01]} 9. a4 {[%emt 0:00:02]} Bf5 {[%emt 0:00:15]} 10. Re1 {[%emt 0:00:04]} Ne4 {[%emt 0:00:05]} 11. g4 {[%emt 0:00:11]} Nxc3 {[%emt 0:00:01]} 12. bxc3 {[%emt 0:00:01]} Be4 {[%emt 0:00:04]} 13. Be3 {[%emt 0:00:07]} Na5 {[%emt 0:00:05]} 14. Nd2 {[%emt 0:00:04]} Bxg2 {[%emt 0:00:01]} 15. Kxg2 {[%emt 0:00:02]} e5 {[%emt 0:00:08]} 16. Qc2 {[%emt 0:00:01]} f5 {[%emt 0:00:06]} 17. f3 {[%emt 0:00:06]} e4 {[%emt 0:00:22]} 18. Bf2 {[%emt 0:00:26]} Qe7 {[%emt 0:00:13]} 19. fxe4 {[%emt 0:00:55]} fxg4 {[%emt 0:00:00]} 20. h4 {[%emt 0:00:01]} Rxf2+ {[%emt 0:00:14]} 21. Kxf2 {[%emt 0:00:07]} Qxh4+ {[%emt 0:00:06]} 22. Kg2 {[%emt 0:00:36]} Qh3+ {[%emt 0:00:02]} 23. Kg1 {[%emt 0:00:02]} Bh6 {[%emt 0:00:18]} 24. Nf1 {[%emt 0:00:06]} Rf8 {[%emt 0:00:09]} 25. Qd3 {[%emt 0:00:15]} Rxf1+ {[%emt 0:00:05]} 26. Rxf1 {[%emt 0:00:01]} Be3+ {[%emt 0:00:00]} 27. Rf2 {[%emt 0:00:01]} Qg3+ {[%emt 0:00:01]} 0-1

[Event "RUS-ch Blitz Women 2018"]
[Site "Sochi"]
[Date "2018.10.07"]
[Round "14"]
[White "Sukhareva, Evgeniya"]
[Black "Ambartsumova, Karina"]
[Result "0-1"]
[WhiteElo "2125"]
[BlackElo "2379"]
[Annotator "NA"]
[PlyCount "84"]
[EventDate "2018.10.07"]
[EventType "swiss"]
[EventCountry "RUS"]
[SourceTitle "playchess.com"]
[Source "ChessBase"]
[SourceQuality "1"]
[TimeControl "180+2"]

1. d4 {[%emt 0:00:00]} Nf6 {[%emt 0:00:00]} 2. c4 {[%emt 0:00:00]} d6 {[%emt 0:00:03]} 3. Nc3 e5 4. d5 {[%emt 0:00:01]} Nbd7 {[%emt 0:00:06]} 5. e4 {[%emt 0:00:02]} Nc5 {[%emt 0:00:01]} 6. Bd3 {[%emt 0:00:01]} a5 {[%emt 0:00:02]} 7. Nge2 {[%emt 0:00:01]} g6 {[%emt 0:00:05]} 8. h3 {[%emt 0:00:01]} Bg7 {[%emt 0:00:01]} 9. g4 {[%emt 0:00:01]} O-O {[%emt 0:00:18]} 10. Ng3 {[%emt 0:00:01]} c6 {[%emt 0:00:12]} 11. Be3 {[%emt 0:00:07]} Nfd7 {[%emt 0:00:09]} 12. Qd2 {[%emt 0:00:19]} Nb6 {[%emt 0:00:16]} 13. b3 {[%emt 0:00:19]} Bd7 {[%emt 0:00:10]} 14. Bc2 {[%emt 0:00:07]} cxd5 {[%emt 0:00:13]} 15. cxd5 {[%emt 0:00:19]} Qc7 {[%emt 0:00:23]} 16. Rc1 {[%emt 0:00:04]} Rac8 {[%emt 0:00:05]} 17. Bb1 {[%emt 0:00:02]} Qd8 {[%emt 0:00:17]} 18. O-O {[%emt 0:00:03]} Bf6 {[%emt 0:00:20]} 19. Kg2 {[%emt 0:00:05]} a4 {[%emt 0:00:08]} 20. Bc2 {[%emt 0:00:26]} axb3 {[%emt 0:00:03]} 21. Bxb3 {[%emt 0:00:21]} Nxb3 {[%emt 0:00:06]} 22. axb3 {[%emt 0:00:02]} Na8 {[%emt 0:00:00]} 23. Bh6 {[%emt 0:00:15]} Bg7 {[%emt 0:00:02]} 24. Bg5 {[%emt 0:00:01]} f6 {[%emt 0:00:04]} 25. Be3 {[%emt 0:00:01]} Nc7 {[%emt 0:00:02]} 26. Qd3 {[%emt 0:00:11]} Na6 {[%emt 0:00:03]} 27. Qe2 {[%emt 0:00:12]} Qa5 {[%emt 0:00:20]} 28. Qb2 {[%emt 0:00:03]} Nb4 {[%emt 0:00:06]} 29. Ra1 {[%emt 0:00:04]} Qc7 {[%emt 0:00:03]} 30. Nge2 {[%emt 0:00:09]} f5 {[%emt 0:00:04]} 31. gxf5 gxf5 {[%emt 0:00:00]} 32. exf5 {[%emt 0:00:09]} Bxf5 {[%emt 0:00:02]} 33. Nb5 {[%emt 0:00:05]} Qd7 {[%emt 0:00:01]} 34. Na7 {[%emt 0:00:08]} Bxh3+ {[%emt 0:00:01]} 35. Kh2 {[%emt 0:00:01]} Bxf1 {[%emt 0:00:01]} 36. Rxf1 {[%emt 0:00:01]} Rc2 {[%emt 0:00:04]} 37. Qa3 {[%emt 0:00:06]} Nd3 {[%emt 0:00:05]} 38. Ng3 {[%emt 0:00:14]} Nxf2 {[%emt 0:00:03]} 39. Bxf2 {[%emt 0:00:05]} Rcxf2+ {[%emt 0:00:01]} 40. Rxf2 {[%emt 0:00:01]} Rxf2+ {[%emt 0:00:01]} 41. Kg1 {[%emt 0:00:01]} Rf8 {[%emt 0:00:04]} 42. Qa4 {[%emt 0:00:06]} Qh3 {[%emt 0:00:05]} 0-1